00545nam a22001697a 450000500170000001000150001702000270003203500140005903700130007308200100008610000220009624500970011826000400021527000440025530000260029950000500032520161128161240.0 aENG-116685 a9788184845518c1380.00 aEN-100217 bDBAD/PUB a341.7 aMurugan,Annamalai aInternational regime of environmental law /cby Annamalai Muruganbcontemporary relevance / aNew DelhibRegal Publicationsc2016 aF-159 Rajouri GardenbNew Delhie110027 axvii,315p. c23cm(Hb) aIncludes bibliographical references and index